00257 a2200097 4500020001800000100002100018245004900039250000600088260004400094650002100138 a9789352705801 aSreevani Rentala aBasics in Nursing Research and Biostatistics a1 bJaypee Brothers Medical Publisherc2022 aNURSING RESEARCH